Statistiques concernant Films commençant par K par images

Cliquez ici pour prendre le quiz!

Statistiques générales

  • Ce quiz a été pris 512 fois
  • Le résultat moyen est 9 sur 16

Statistiques - réponses

Réponse% Correct
The King
99%
King Kong
98%
Kirikou et la Sorcière
97%
Kill Bill
87%
Karaté Kid
82%
Kuzco, l'empereur mégalo
80%
Kaamelott : Premier Volet
63%
Kingsman, Services secrets
60%
Kick-ass
53%
Kiki la Petite Sorcière
52%
Le Kid
35%
Klaus
32%
Kramer contre Kramer
14%
Kaboom
2%
Kennedy et moi
2%
Killing Bono
1%

Distribution des résultats

Percentile par nombre de réponses

% des personnes avec chaque résultat

Votre développement - résultats

Vous n’avez pas pris ce quiz